000
00306nam a2200121Ia 4500
008
190216s9999||||xx |||||||||||||| ||und||
100
_a
Augustine A E & Joseph K V
245
0
_a
Garammer:A Hand Book
260
_b
Macmillan India Ltd
_c
1987
300
_a
207p
650
_a
English Grammar
942
_c
BK
999
_c
13441
_d
13441